Southville International School and Colleges
Your cart is empty.
  • Cart
  • Lists
    Public lists Eva Luna New books Lux_list list_1
    Your lists Log in to create your own lists
  • Log in to your account
  • Your cookies
  • Search history
Southville International School and Colleges
  • Advanced search
  • Recent comments
  • Most popular
  • Libraries

Log in to your account

Log in with GOOGLE


If you do not have an external account, but do have a local account, you can still log in:

  1. Home
  2. MARC view: Integrating & sustaining habits of mind /
Normal view MARC view ISBD view

Integrating & sustaining habits of mind / (Record no. 12548)

[ view plain ]
MARC details
000 -LEADER
fixed length control field 01336cam a22003494a 4500
001 - CONTROL NUMBER
control field 12150852
003 - CONTROL NUMBER IDENTIFIER
control field OSt
005 - DATE AND TIME OF LATEST TRANSACTION
control field 20160602145813.0
008 - FIXED-LENGTH DATA ELEMENTS--GENERAL INFORMATION
fixed length control field 000822s2000 vau b 001 0 eng
010 ## - LIBRARY OF CONGRESS CONTROL NUMBER
LC control number 00011093
020 ## - INTERNATIONAL STANDARD BOOK NUMBER
International Standard Book Number 9780871203717
040 ## - CATALOGING SOURCE
Original cataloging agency DLC
Transcribing agency DLC
Modifying agency DLC
042 ## - AUTHENTICATION CODE
Authentication code pcc
043 ## - GEOGRAPHIC AREA CODE
Geographic area code n-us---
050 00 - LIBRARY OF CONGRESS CALL NUMBER
Classification number LB 1590.3
Item number .In59 2000
082 00 - DEWEY DECIMAL CLASSIFICATION NUMBER
Classification number GLT 370.15
Item number In8 2000
245 00 - TITLE STATEMENT
Title Integrating & sustaining habits of mind /
Statement of responsibility, etc edited by Arthur L. Costa and Bena Kallick ; foreword by David Perkins.
246 3# - VARYING FORM OF TITLE
Title proper/short title Integrating and sustaining habits of mind
260 ## - PUBLICATION, DISTRIBUTION, ETC. (IMPRINT)
Place of publication, distribution, etc Alexandria, Va. :
Name of publisher, distributor, etc Association for Supervision and Curriculum Development,
Date of publication, distribution, etc 2000.
300 ## - PHYSICAL DESCRIPTION
Extent 107 p. :
Dimensions 23 cm.
440 #0 - SERIES STATEMENT/ADDED ENTRY--TITLE
Title Habits of mind ;
Volume number/sequential designation bk. 4
9 (RLIN) 22522
500 ## - GENERAL NOTE
General note Includes bibliographical references (p. 93-97) and index.
650 #0 - SUBJECT ADDED ENTRY--TOPICAL TERM
Topical term or geographic name as entry element Thought and thinking
General subdivision Study and teaching
Geographic subdivision United States.
9 (RLIN) 22523
650 #0 - SUBJECT ADDED ENTRY--TOPICAL TERM
Topical term or geographic name as entry element Cognition in children.
9 (RLIN) 22524
650 #0 - SUBJECT ADDED ENTRY--TOPICAL TERM
Topical term or geographic name as entry element Effective teaching
Geographic subdivision United States.
9 (RLIN) 22525
700 1# - ADDED ENTRY--PERSONAL NAME
Personal name Costa, Arthur L.
9 (RLIN) 22526
700 1# - ADDED ENTRY--PERSONAL NAME
Personal name Kallick, Bena.
9 (RLIN) 119
906 ## - LOCAL DATA ELEMENT F, LDF (RLIN)
a 7
b cbc
c orignew
d 1
e ecip
f 20
g y-gencatlg
942 ## - ADDED ENTRY ELEMENTS (KOHA)
Koha item type Books
Source of classification or shelving scheme Library of Congress Classification
Holdings
Withdrawn status Lost status Source of classification or shelving scheme Damaged status Home library Current library Shelving location Date acquired Source of acquisition Total Checkouts Full call number Barcode Date last seen Copy number Price effective from Koha item type
    Library of Congress Classification   Luxembourg Library Luxembourg Library Genevive Ledesma - Tan Section 10/01/2013 Donation   LB 1590.3 .In59 2000 14461 05/25/2015 1 10/01/2013 Books

Integrating & sustaining habits of mind /

APA

Costa A. L., Kallick B., . (2000). Integrating & sustaining habits of mind. Alexandria, Va: Association for Supervision and Curriculum Development.

Chicago

Costa Arthur L, Kallick Bena, . 2000. Integrating & sustaining habits of mind. Alexandria, Va: Association for Supervision and Curriculum Development.

Harvard

Costa A. L., Kallick B., . (2000). Integrating & sustaining habits of mind. Alexandria, Va: Association for Supervision and Curriculum Development.

MLA

Costa Arthur L, Kallick Bena, . Integrating & sustaining habits of mind. Alexandria, Va: Association for Supervision and Curriculum Development. 2000.

  • Place hold
  • Print
  • Cite
  • Add to your cart (remove)
  • Save record
    BIBTEX Dublin Core MARCXML MARC (non-Unicode/MARC-8) MARC (Unicode/UTF-8) MARC (Unicode/UTF-8, Standard) MODS (XML) RIS
  • More searches
    Search for this title in:
    Other Libraries (WorldCat) Other Databases (Google Scholar) Online Stores (Bookfinder.com) Open Library (openlibrary.org)

Exporting to Dublin Core...

SOUTHVILLE LIBRARY

Southville International School and Colleges Library

1281 Tropical Ave. Cor. Luxembourg St., BF Homes International, Las Pinas City

Tel. No. 8256374 / 252358 Loc. 117/146

Powered by Koha